All Countries that were colonized by the UK - Statistics

General Stats
  • This quiz has been taken 88 times
  • The average score is 38 of 64
Answers on the Map
Answers color-coded by a green-red scale on the quiz's map according to % correct below.
 
Answer Stats
Answer Colonized in the Year of % Correct
Canada 1610
97%
United States 1607
97%
India 1804
91%
Australia 1788
88%
South Africa 1795
86%
Ireland 1707
83%
United Kingdom 519
80%
New Zealand 1788
79%
Pakistan 1804
79%
Bangladesh 1804
76%
Jamaica 1655
76%
Egypt 1914
71%
Kenya 1888
71%
Bahamas 1648
70%
Nigeria 1897
68%
Sudan 1899
68%
Iraq 1921
67%
Ghana 1821
65%
Zimbabwe 1888
65%
Sri Lanka 1796
64%
Yemen 1839
64%
Oman 1696
62%
South Sudan 1899
62%
St. Kitts 1761
62%
Tanzania 1916
62%
United Arab Emirates 1761
62%
Botswana 1885
61%
China 1898
61%
France 1066
61%
Uganda 1894
61%
Zambia 1891
61%
Barbados 1625
59%
Lesotho 1822
59%
Myanmar 1885
59%
Somalia 1884
59%
St. Vincent 1627
59%
Eswatini 1780
58%
St. Lucia 1723
58%
Antigua and Barbuda 1632
56%
Dominica 1671
56%
Israel 1921
56%
Jordan 1921
56%
Belize 1783
55%
Maldives 1933
55%
Namibia 1915
55%
Qatar 1916
53%
Trinidad and Tobago 1797
53%
Grenada 1762
50%
Kuwait 1899
50%
Malawi 1891
50%
Bahrain 1783
48%
Seychelles 1794
48%
Guyana 1796
45%
Papua New Guinea 1883
45%
Cyprus 1881
44%
Cameroon 1920
42%
Gambia 1783
42%
Malta 1801
42%
Sierra Leone 1808
41%
Germany 1945
39%
Mauritius 1810
39%
Togo 1914
38%
Vanuatu 1774
29%
Palestine 1921
6%
No matching quizzes found
Score Distribution
Percent of People with Each Score
Percentile by Number Answered
Your Score History
You have not taken this quiz